Možnosti zavedenia metód štíhlej výroby do výrobného procesu

Saved in:
Bibliographic Details
Main Author: Zavacký, Michal (Author)
Other Authors: Součková, Ingrid (Thesis advisor)
Format: Manuscript Book
Language:Slovak
Published: 2025
Subjects:
Online Access:http://is.stuba.sk/zp/portal_zp.pl?podrobnosti=185675
Tags: Add Tag
No Tags, Be the first to tag this record!

MARC

LEADER 00000ntm a22000003a 4500
001 stuzp106350
003 SK-STU
005 20250621210704.9
007 ta
008 150427s2015----xo-----f-mn---000-0-slo-d
040 |a STU  |b slo 
041 0 |a slo 
100 1 |a Zavacký, Michal  |u 020070  |4 aut  |U SjF Strojnícka fakulta  |T SjF Ústav výrobného inžinierstva a kvality produkcie  |X 98731  |U J0070  |Y 804  |7 98731 
242 0 1 |a Possibilities of introducing lean manufacturing methods into the production process  |y eng 
245 1 0 |a Možnosti zavedenia metód štíhlej výroby do výrobného procesu 
260 |c 2025 
650 4 |a štíhla výroba  |2 slo 
650 4 |a JIT  |2 slo 
650 4 |a Kanban  |2 slo 
650 4 |a AGV  |2 slo 
650 4 |a skladovanie  |2 slo 
650 4 |a preprava  |2 slo 
650 4 |a FMEA  |2 slo 
650 4 |a Lean production  |2 eng 
650 4 |a JIT  |2 eng 
650 4 |a Kanban  |2 eng 
650 4 |a warehousing  |2 eng 
650 4 |a transport  |2 eng 
650 4 |a AGV  |2 eng 
650 4 |a FMEA  |2 eng 
700 1 |a Součková, Ingrid  |u 020070  |k Z1  |4 ths  |U SjF Strojnícka fakulta  |T SjF Ústav výrobného inžinierstva a kvality produkcie  |X 2364  |U J0070  |Y 804  |7 A000002364 
856 4 |u http://is.stuba.sk/zp/portal_zp.pl?podrobnosti=185675